| 000 | 00873nam a2200229 a 4500 | ||
|---|---|---|---|
| 001 | 000019422 | ||
| 005 | 20240503073630.0 | ||
| 008 | 100629s2008 es ac 001 0bspa d | ||
| 020 | _a9788497645614 | ||
| 040 |
_aDO-SdBNP _bspa _cBNPHU |
||
| 082 |
_a928.61 _bC419G |
||
| 100 | 1 |
_aGarcía Calleja, José A. _941686 |
|
| 245 | 1 | 0 |
_aCervantes y su época : _bel soldado y escritor entre dos siglos / _cJosé A. García Calleja, F. Javier González Martín ; coordinadores Felipe Sen _fTaller de libros |
| 260 |
_aMadrid : _bEdimat Libros, _c2008. |
||
| 300 |
_a190 p. : _bil., retrs. ; _c22. cm. |
||
| 500 | _aIncluye cronología de Cervantes 1547-1618 | ||
| 504 | _aIncluye bibliografías (p. 187-188) | ||
| 600 | 1 | 0 |
_aCervantes Saavedra, Miguel de, _d1547-1616 _93070 |
| 700 | 1 |
_aGonzález Martín, F. Javier _941687 |
|
| 700 | 1 |
_aSen Felipe _ecoor. _941688 |
|
| 049 | _aBNPD | ||
| 999 |
_c18938 _d18938 |
||